The Scarlet letter: a romance

محفوظ في:
التفاصيل البيبلوغرافية
المؤلف الرئيسي: N Hawthorne
التنسيق: كتاب
اللغة:Undetermined
منشور في: New York Everyman's Library 1980
الموضوعات:
الوسوم: إضافة وسم
لا توجد وسوم, كن أول من يضع وسما على هذه التسجيلة!
Thư viện lưu trữ: Trung tâm Học liệu Trường Đại học Cần Thơ
LEADER 00443nam a2200169Ia 4500
001 CTU_13638
008 210402s9999 xx 000 0 und d
082 |a 813.3 
082 |b H399 
100 |a N Hawthorne 
245 4 |a The Scarlet letter: a romance 
245 0 |c N Hawthorne 
260 |a New York 
260 |b Everyman's Library 
260 |c 1980 
650 |a american fiction 
980 |a Trung tâm Học liệu Trường Đại học Cần Thơ